| 000 | 01114nam a22002537a 4500 | ||
|---|---|---|---|
| 005 | 2009032703273.0 | ||
| 008 | 081007t xxu||||| |||| 00| 0 mar | ||
| 010 | _aMAR-20037 | ||
| 020 | _c325.00 | ||
| 035 | _aMR-12695 | ||
| 037 | _bDBAD / PUB | ||
| 040 |
_adpl _bMR |
||
| 082 | _a294.3 | ||
| 100 | _aआठलेकर, मंगला | ||
| 245 |
_aबुद्ध हसतो आहे... / _cमंगला आठलेकर |
||
| 246 |
_aBuddha Hasato Aahe... _bby Mangala Athlekar |
||
| 260 |
_aपुणे _bराजहंस प्रकाशन _c2008 |
||
| 270 |
_a1025, सदाशिव पेठ _bपुणे _e411030 _k020-24473459 _l24433719 _mrajhans1@pn2.vsnl.net.in |
||
| 300 |
_aअठ्ठावीस, 342 पृ _c23 सेमी (अजिल्द) |
||
| 650 | _2बुद्ध धर्म | ||
| 650 | _2Buddhism | ||
| 942 |
_2ddc _cMR _mआठले _h294.3 |
||
| 999 |
_c22397 _d22397 |
||